00332pab a2200121 454500008004000000100002300040245006700063260000900130300001500139362000800154650001400162773003400176180718b2012 xxu||||| |||| 00| 0 eng d aMahanta, Amarjyoti aThe determinants of first birth interval: The musings of Assam c2012 ap.379-394. aJul aFertility aIndian Journal of Social Work